| 000 | 00725nam a2200229 a 4500 | ||
|---|---|---|---|
| 003 | PILC | ||
| 005 | 20160215081706.0 | ||
| 008 | 091208s19uu xx 00 eng d | ||
| 020 | _a9780495506188 | ||
| 050 |
_aBF 713 _b.Si22 2009 |
||
| 100 | _aSigelman, Carol K. | ||
| 245 |
_aLife-span human development / _cCarol K. Sigelman. |
||
| 250 | _a6th edition. | ||
| 260 |
_aAustralia : _bWadsworth Cengage Learning, _c2009. |
||
| 300 |
_a524 pages : _bcolor illustrations ; _c27 cm. |
||
| 500 | _aIncludes appendices, glossary, bibliographical references and indexes. | ||
| 650 | _aDevelopmental psychology. | ||
| 650 | _aHuman development. | ||
| 700 | _aRider, Elizabeth A. | ||
| 942 |
_cBK _2lcc _kFOR |
||
| 999 |
_c39613 _d39613 |
||